Dẫn luận ngôn ngứ học

সংরক্ষণ করুন:
গ্রন্থ-পঞ্জীর বিবরন
প্রধান লেখক: Nguyễn Thiện Giáp
অন্যান্য লেখক: Nguyễn Thiện Giáp; Đoàn Thiện Thuật; Nguyễn Minh Thuyết (chủ biên), Đoàn Thiện Thuật Nguyễn Minh Thuyết
বিন্যাস: গ্রন্থ
ভাষা:Vietnamese
প্রকাশিত: H. Giáo dục 1998
সংস্করন:Tái bản lần thứ 4
ট্যাগগুলো: ট্যাগ যুক্ত করুন
কোনো ট্যাগ নেই, প্রথমজন হিসাবে ট্যাগ করুন!
Thư viện lưu trữ: Mạng thư viện Đại học Đà Nẵng
LEADER 01121nam a2200313 4500
001 000015646
003 12029
005 20120531080541.0
008 120531s1998 viesd
020 |c 12500 
041 0 |a vie 
082 |a 410  |b NG-G 
100 0 |a Nguyễn Thiện Giáp 
245 0 |a Dẫn luận ngôn ngứ học  |c Nguyễn Thiện Giáp; Đoàn Thiện Thuật; Nguyễn Minh Thuyết 
250 |a Tái bản lần thứ 4 
260 |a H.  |b Giáo dục  |c 1998 
300 |a 323 tr.  |c 21 cm 
700 |a Nguyễn Thiện Giáp; Đoàn Thiện Thuật; Nguyễn Minh Thuyết  |e chủ biên 
700 |a Đoàn Thiện Thuật  |a Nguyễn Minh Thuyết 
OWN |a LSP 
AVA |a UDN50  |b LSP  |d 410 NG-G  |e available  |t Error 5001 Not defined in file expand_doc_bib_avail.  |f 3  |g 0  |h N  |i 0  |k 1 
999 |a From the UDN01 
AVA |a UDN50  |b LSP  |d 410 NG-G  |e available  |t Error 5001 Not defined in file expand_doc_bib_avail.  |f 3  |g 0  |h N  |i 0  |k 1 
TYP |a Monograph 
TYP |a Printed language 
980 |a Mạng thư viện Đại học Đà Nẵng